| 000 | 00747nam a22002537a 4500 | ||
|---|---|---|---|
| 003 | LK-CoMWRAF | ||
| 005 | 20231218140058.0 | ||
| 008 | 230927b1999 |||||||| |||| 00| 0 eng d | ||
| 020 | _a0205277799 | ||
| 040 |
_aLK-CoMWRAF _dLK-CoMWRAF _eLK-CoMWRAF |
||
| 041 | _aeng | ||
| 082 |
_a305.235 _bADO |
||
| 245 |
_aAdolescent portraits: _bidentity, relationships and challenges |
||
| 250 | _a3rd ed. | ||
| 260 |
_aBoston: _b Allyn and Bacon, _c1999 |
||
| 300 |
_aix, 294 p. ; 24 cm _bBibliography included |
||
| 650 | _aADOLESCENES-Case studies | ||
| 650 | _aAdolescent psychology--United States--Case studies. | ||
| 700 | _aGarrod, Andrew | ||
| 700 | _aSmulyan, Lisa | ||
| 700 | _aPowers, Sally | ||
| 700 | _aKilkenny, Robert | ||
| 942 | _cBK | ||
| 999 |
_c3699 _d3699 |
||